000 00314nam a22001337a 4500
008 250703b |||||||| |||| 00| 0 eng d
020 _a9780132059633
050 _aHD31
_b.H58
100 _aHILL, Michael A.
245 _aManagement
260 _aCanada
_bHill Michael
_c2017
300 _axxxii, 632p.
942 _cBK
999 _c4068
_d4068